000
00256nam a2200121Ia 4500
008
190216s9999||||xx |||||||||||||| ||und||
100
_a
Rahul Samkruthyayan
245
0
_a
Hindi-Athina
260
_b
Mahal
300
_a
102
650
_a
Hindi
942
_c
BK
999
_c
16311
_d
16311